| 000 | 00833cab a2200289 4500 | ||
|---|---|---|---|
| 001 | ABS53404 | ||
| 008 | 090401t1995 xxu||||| |||| 00| 0 eng d | ||
| 035 | _a(Sirsi) u3961 | ||
| 041 | _aeng | ||
| 100 | _aBridge, L. | ||
| 245 | 4 | _aThe rise and fall of the lump | |
| 260 | _c1995 | ||
| 350 | _a0 | ||
| 490 |
_aContract Journal _v379(6036) 3 August 1995, 11(1) |
||
| 520 | _aDiscusses with reference to "Lane v Shire Roofing" the tests used to decide when a worker is self-employed or an employee. | ||
| 650 | _aINLAND REVENUE SUBCONTRACTORS TAX DEDUCTION SCHEME | ||
| 650 | _aEMPLOYERS | ||
| 650 | _aEMPLOYMENT | ||
| 650 | _aLABOUR COSTS | ||
| 650 | _aLANE V SHIRE ROOFING | ||
| 650 | _aSC60 | ||
| 650 | _aSELF-EMPLOYMENT | ||
| 650 | _aTAX | ||
| 690 | _aECONOMIC AND SOCIAL | ||
| 942 | _n0 | ||
| 948 | _c04/03/1997 | ||
| 999 |
_c2381 _d2381 |
||